000 00297nam a22001337a 4500
008 171004b xxu||||| |||| 00| 0 eng d
020 _a9780683089424
041 _aeng
080 _24TH
_a159.9
100 _a48
101 _aPSI
245 _aRESPIRATORY PHYSIOLOGY
_cWEST,J.B
942 _2udc
_cBK
999 _c31784
_d31784